000
00209nam a22000857a 4500
001
1235257
005
20250930115558.0
245
_a
HAKLAR VE ÖDEVLER
_c
BRIGITTE LABBE
260
_b
GÜNIŞIĞI KİTAPLIĞI YAYINLARI
999
_c
1235257
_d
1235257